|
|
|
|
| LEADER |
01461aas a2200361 a 4500 |
| 003 |
AR-BeUNQ |
| 005 |
20240318165711.0 |
| 007 |
ta |
| 008 |
240304c20079999ag uu p r 0 b0spa |
| 999 |
|
|
|c 38214
|d 122014
|
| 015 |
|
|
|a AR-2007
|
| 022 |
0 |
|
|a 2314-355X
|l 2314-355X
|2 8
|
| 040 |
|
|
|a AR-BaBN
|b spa
|c AR-BaBN
|e aacr
|
| 043 |
|
|
|a s-ag---
|
| 044 |
|
|
|a ag
|c ar-c
|
| 080 |
1 |
|
|a 364.78-058.5(82)(051)
|2 2016
|
| 210 |
0 |
|
|a Real. chamuyo
|
| 222 |
|
0 |
|a La realidad sin chamuyo
|
| 245 |
0 |
0 |
|a La realidad sin chamuyo :
|b taller de revista /
|c Centro Educativo Isauro Arancibia.
|
| 260 |
|
|
|a Buenos Aires :
|b Centro Educativo Isauro Arancibia,
|c [2007]- .
|
| 300 |
|
|
|a v. :
|b fot. byn. ;
|c 30 cm.
|
| 362 |
1 |
|
|a Comienza a publicarse en 2007.
|z Cf. Caicyt.
|
| 500 |
|
|
|a Revista de los estudiantes del Centro Educativo Isauro Arancibia.
|
| 530 |
|
|
|3 Desde 2006.
|a Disponible también en formato digital.
|
| 588 |
|
|
|a Descripción basada en: año 9, no. 10 (jul. 2014)
|5 AR-BaBN
|
| 588 |
|
|
|a Último número consultado: año 9, no. 11 (nov. 2014).
|5 AR-BaBN
|
| 650 |
|
7 |
|a Niños de la calle
|2 toit
|
| 650 |
|
7 |
|a Exclusión social
|2 toit
|
| 655 |
|
7 |
|a Publicaciones periódicas
|2 spines
|
| 856 |
4 |
|
|u http://larealidadsinchamuyo.blogspot.com/search/label/Revista%20N%C2%BA%201
|z Página Web
|
| 866 |
|
|
|a 2015 10(11); 2019 13 (16); 2020 14 (17); 2021 15 (17)
|
| 929 |
|
|
|a COMPRA
|b Sorin, Valeria Laura
|c Exp. 827-2314/2022
|d 1500
|e 20221005
|f PAT0079419
|j 61862
|
| 942 |
|
|
|c REV
|n 0
|